• 首页
  • 本馆介绍
  • 公告通知
  • 最新文献
  • 馆藏检索
  • 电子资源
  • 读者导购
  • 参考咨询
  • 我的图书馆
  • 登录
  • 详细信息显示
  • 放入我的书架
  • 预约/预借图书
  • 作者相关作品
  • 分类相关作品
  • 丛书相关作品
  • 出版社相关作品

书目信息

  • 表格格式
  • 工作单格式
  • 卡片格式
题名:
中小学生心理辅导
    
 
作者: 董德宝 主编
分册:  
出版信息: 北京   长征出版社  2004
页数: 14,200页
开本: 26cm
丛书名:
单 册:
中图分类: G448
科图分类:
主题词: 小学生--心理卫生--高等学校--教材 , 小学生 , 心理卫生 , 中学生--心理卫生--高等学校--教材 , 中学生 , 教育心理学
电子资源:
ISBN: 7-80204-024-8
000 00993nam0 2200289 450
001 010700001537
005 20061105103724.98
010    @a7-80204-024-8@dCNY21.00
100    @a20050920d2004 em y0chiy0110 ea
101 0  @achi
102    @aCN@b110000
105    @ay z 000yy
200 1  @a中小学生心理辅导@9zhong xiao xue sheng xin li fu dao@f董德宝主编
210    @a北京@c长征出版社@d2004
215    @a14,200页@d26cm
300    @a高师院校教育理论课程改革系列教材
330    @a本书内容包括:中小学生的心理健康标准、心理辅导的方法、内容和原则、心理测验在心理辅导中的运用、中小学生学习心理辅导、中小学生生活心理辅导、中小学生人际交往心理辅导、中小学生自我意识心理辅导等。
606 0  @a小学生@x心理卫生@x高等学校@j教材
606 0  @a小学生
606 0  @a心理卫生
606 0  @a中学生@x心理卫生@x高等学校@j教材
606 0  @a中学生
606 0  @a教育心理学
690    @aG448@v4
701  0 @a董德宝@9dong de bao@4主编
801  0 @aCN@bRENTIAN@c20061105
905    @a10447@dG448@e126
    
    中小学生心理辅导/董德宝主编.-北京:长征出版社,2004
    14,200页;26cm
    高师院校教育理论课程改革系列教材
    
    ISBN 7-80204-024-8:CNY21.00
    本书内容包括:中小学生的心理健康标准、心理辅导的方法、内容和原则、心理测验在心理辅导中的运用、中小学生学习心理辅导、中小学生生活心理辅导、中小学生人际交往心理辅导、中小学生自我意识心理辅导等。
●
相关链接 在E读中查询图书 在五车中查询图书 在当当中查询图书 在豆瓣中查询图书


正题名:中小学生心理辅导     索取号:G448/126         预约/预借

序号 登录号 条形码 馆藏地/架位号 状态 备注
1 0380074   203800743   第一样本阅览室/ [索取号:G448/126] 在馆    
2 0380075   203800752   第四借阅区/ [索取号:G448/126] 在馆    
3 0380076   203800761   第四借阅区/ [索取号:G448/126] 在馆    
4 0380078   203800789   第四借阅区/ [索取号:G448/126] 在馆    
唐山师范学院图书馆 欢迎您!
大连网信软件有限公司© 版权所有